[Event "Galicia-ch 2021"]
[Site "Padron"]
[Date "2021.04.01"]
[Round "1.1"]
[White "Cernadas Camean, David"]
[Black "Gonzalez Perez, Arian"]
[Result "0-1"]
[WhiteElo "1659"]
[BlackElo "2481"]
[Annotator "TA"]
[PlyCount "52"]
[EventDate "2021.04.02"]
[EventType "swiss"]
[EventCountry "ESP"]
[SourceTitle "playchess.com"]
[Source "ChessBase"]
[SourceQuality "1"]

{[%evp 10,52,40,28,43,36,51,-3,0,0,0,0,0,-20,14,0,5,0,20,-47,-43,-104,-77,-69,-49,-50,118,-344,-344,-603,-620,-585,-603,-847,-853,-762,-830,-810,-806,-957,-894,-1508,-1490,-29998,-29999]} 1. e4 g6 2. d4 Bg7 3. Be3 d6 4. Nc3 a6 5. Qd2 b5 6. O-O-O Bb7 {B06: Modern Defence.} 7. f3 Nd7 8. Bd3 (8. g4 $14) 8... Rc8 {The position is equal.} 9. d5 c5 {aiming for ...Qa5.} 10. dxc6 Bxc6 {[#]} 11. Nge2 $146 ({Predecessor:} 11. Nce2 h5 12. Kb1 Ngf6 13. Bd4 O-O 14. h3 Nb6 15. Qe3 Na4 16. b3 e5 17. Ba7 {0-1 (38) Aslanov,U (1595)-Pankratov,O (2034) Minsk 2018}) 11... Nc5 12. Nd4 Bb7 13. Kb1 h5 14. f4 (14. Nb3 $11) 14... Nf6 15. e5 (15. f5 $15) 15... dxe5 16. fxe5 Ng4 {Hoping for ...b4.} 17. e6 f5 $2 ({But not} 17... Nxd3 18. exf7+ Kxf7 19. Qxd3 $11) (17... Nxe3 $15 {keeps the upper hand.} 18. Qxe3 Bxd4 19. Bxb5+ axb5 20. Rxd4 Qc7 21. exf7+ Kxf7) 18. Bf1 $2 {[%mdl 8192] Now White is beyond hope.} (18. Nxf5 $1 $16 {is necessary to keep the advantage.} gxf5 19. Bxc5) 18... b4 $19 {[%cal Bb5b4,Bb4c3,Bc3b2][%mdl 32]} 19. Qc1 $2 (19. Nxf5 gxf5 20. Qxd8+ Rxd8 21. Rxd8+ Kxd8 22. Bxc5 bxc3 23. Be2) 19... Nxe3 (19... bxc3 $2 {[#]} 20. Nxf5 $1 Qb6 21. Nxg7+ Kf8 22. Bd4 $19) 20. Qxe3 {Threatens to win with Nxf5!} bxc3 21. Bb5+ axb5 22. Nxf5 {[#]} Qxd1+ $3 23. Rxd1 gxf5 24. Qg5 O-O 25. Qxe7 cxb2 26. c4 Be4+ {Weighted Error Value: White=1.18/Black=0.24} 0-1

[Event "Galicia-ch 2021"]
[Site "Padron"]
[Date "2021.04.01"]
[Round "1.2"]
[White "Suarez Gomez, Julio"]
[Black "Pousada Estevez, Daniel"]
[Result "1-0"]
[WhiteElo "2461"]
[BlackElo "1654"]
[Annotator "TA"]
[PlyCount "73"]
[EventDate "2021.04.02"]
[EventType "swiss"]
[EventCountry "ESP"]
[SourceTitle "playchess.com"]
[Source "ChessBase"]
[SourceQuality "1"]

{[%evp 11,73,20,43,38,49,31,41,35,59,26,47,29,46,0,0,0,0,-3,28,21,31,-14,-11,-29,-36,-60,-10,-34,0,16,147,145,201,218,190,175,177,180,345,318,431,422,491,466,442,441,635,633,568,595,797,795,738,721,812,747,810,810,790,797,950,931,1116,958]} 1. e4 d5 2. exd5 Qxd5 3. Nf3 Nf6 4. Nc3 Qa5 5. d4 c6 6. Ne5 Nbd7 7. Nc4 {B01: Scandinavian Defence.} Qc7 8. Qf3 Nb6 9. Ne5 {White is slightly better.} e6 10. Bf4 {Hoping for Ng6!} Bd6 11. Bg3 {[#]} Nbd5 $146 ({Predecessor:} 11... Nbd7 12. Nc4 Bxg3 13. hxg3 b5 14. Nd2 Bb7 15. a3 a6 16. Qe3 c5 17. dxc5 Qxc5 18. Qxc5 Nxc5 {0-1 (47) Shakirova,R (1892)-Tskhadadze,A (1819) St Petersburg 2014}) 12. Nxd5 exd5 13. Bd3 O-O 14. O-O Be6 15. Rfe1 Rae8 16. Re2 Qb6 17. h3 Qxb2 18. Rd1 Bb8 19. c4 Qb6 20. c5 Qc7 {[#] White stays focused until the end.} (20... Qb4 $1 $11) 21. Ng6 $1 $16 {[%mdl 576] Discovered Attack} Qd7 (21... Qa5 $16 {might work better.} 22. Nxf8 Rxf8 23. Bxb8 Rxb8) 22. Nxf8 $18 Rxf8 23. Bxb8 Rxb8 24. Qf4 $36 {[%mdl 2048] White is in control.} Rf8 (24... Qd8 {keeps fighting.} 25. Rb1 g6) 25. Rb2 Nh5 26. Qe5 {White is clearly winning.} g6 27. Rdb1 f6 28. Qe3 Rb8 {[#]} (28... b6 $142 29. cxb6 axb6 30. Rxb6 Qd6) 29. Ba6 $1 {[%mdl 512]} b6 (29... b5 30. cxb6) 30. cxb6 Rxb6 31. Rxb6 axb6 32. Rxb6 Qd6 33. Bf1 Ng7 34. Qg3 Qxg3 35. fxg3 Bd7 36. a4 {[%cal Ba2a4,Ba4a5][%mdl 32]} Ne6 37. a5 {Weighted Error Value: White=0.12/Black=0.50} 1-0

[Event "Galicia-ch 2021"]
[Site "Padron"]
[Date "2021.04.01"]
[Round "1.3"]
[White "Leiro Poza, Aitor"]
[Black "Larino Nieto, David"]
[Result "0-1"]
[WhiteElo "1654"]
[BlackElo "2461"]
[Annotator "TA"]
[PlyCount "87"]
[EventDate "2021.04.02"]
[EventType "swiss"]
[EventCountry "ESP"]
[SourceTitle "playchess.com"]
[Source "ChessBase"]
[SourceQuality "1"]

{[%evp 9,87,30,80,76,78,73,85,64,63,62,54,-15,0,0,0,-25,64,62,42,25,25,0,0,-25,-17,-31,-14,-59,-45,-114,-19,-25,-16,-19,18,-9,-12,-11,-12,-39,-31,-120,0,-73,0,-187,-187,-195,-202,-181,-197,-185,-189,-189,-184,-302,-259,-447,-443,-457,-451,-443,-443,-396,-360,-741,-691,-682,-701,-772,-717,-912,-878,-805,-612,-821,-727,-1481,-1051,-1432]} 1. d4 e6 2. Nf3 b6 3. e3 Bb7 4. Bd3 d6 5. O-O {[#]} g5 $146 ({Predecessor:} 5... Nd7 6. Nbd2 g6 7. e4 h6 8. Qe2 a6 9. c3 Bg7 10. Re1 Ne7 11. Nc4 Kf8 12. Bd2 g5 13. h3 Ng6 {½-½ (13) Figueiredo,F-Carvalho,C (2135) Rio de Janeiro 1997}) 6. e4 {A40: Unusual replies to 1 d4.} g4 7. Ne1 Bg7 8. Qxg4 {White is better.} Bxd4 9. c3 h5 10. Qg5 ({Better is} 10. Qe2 $14 Bg7 11. Be3) 10... Bf6 11. Qe3 Nd7 12. f4 c5 (12... h4 $11) 13. Nf3 $14 Qc7 14. Na3 a6 15. Bd2 b5 16. Rab1 h4 17. h3 Ne7 18. Nh2 Qc6 19. Rfe1 {[#]} (19. Nf3 $15) 19... e5 (19... Nf5 $1 $17 {[%mdl 512]} 20. Qf2 Ng3) 20. Qf2 exf4 21. Bxf4 Ne5 22. Bxe5 Bxe5 23. Ng4 Ng6 24. Rf1 Nf4 25. Nf6+ Kd8 ({Of course not} 25... Bxf6 26. Qxf4 Be5 27. Qxf7+ Kd8 28. c4 $11) (25... Ke7 $17 26. Nd5+ {[%mdl 64] Decoy} Nxd5 27. Qxf7+ Kd8 28. exd5 Qxd5 29. Qxd5 Bxd5) 26. Bc2 (26. Rbd1 $11) 26... Kc7 ({Black should try} 26... Ke7 $17 27. Nd5+ {[%mdl 64] Decoy} Nxd5 28. Qxf7+ Kd8 29. exd5 Qxd5 30. Qxd5 Bxd5) 27. Rbd1 $2 {[#] White is on the road to losing.} Rag8 $1 $19 {[%mdl 512] White must now prevent ...Nxh3+.} 28. Nd5+ {[#]} (28. Nxg8 Rxg8 29. Qxf4 (29. Qxh4 $2 Rxg2+ 30. Kh1 Rxc2 $19) 29... Bxf4 $19) 28... Qxd5 $1 {[%mdl 512]} 29. Qxf4 Qxa2 $40 {[%mdl 128] Black attacks with force.} ({But not} 29... Bxf4 30. exd5 Be3+ 31. Kh1 $15) 30. Qxf7+ Qxf7 31. Rxf7+ Kb6 32. Kh1 (32. Nb1 {is a better defense.}) 32... Rg3 33. Rdf1 $2 (33. Rd2 {keeps fighting.}) 33... Rhg8 34. R1f2 Bc8 {Hoping for ...Bxh3!} 35. R7f3 {[#]} Bxh3 $1 {[%mdl 512]} 36. Rxg3 Bxg3 37. Re2 (37. Rf1 Bg4 38. Nb1) 37... Bg4 {Black is clearly winning.} 38. Rd2 Rf8 {[%cal Rf8f1]} 39. Bd3 c4 40. Bxc4 bxc4 41. Nxc4+ Kc6 {[%cal Rf8f1]} 42. Ne3 {[#]} a5 $1 43. Rd4 (43. Rc2 Be6) 43... Be6 44. Kg1 {Weighted Error Value: White=0.66/Black=0.36} 0-1

[Event "Galicia-ch 2021"]
[Site "Padron"]
[Date "2021.04.01"]
[Round "1.4"]
[White "Espineira Gonzalez, Diego"]
[Black "Gonzalez Sanchez, Javier"]
[Result "1-0"]
[WhiteElo "2338"]
[BlackElo "1648"]
[Annotator "TA"]
[PlyCount "55"]
[EventDate "2021.04.02"]
[EventType "swiss"]
[EventCountry "ESP"]
[SourceTitle "playchess.com"]
[Source "ChessBase"]
[SourceQuality "1"]

{[%evp 18,55,8,-16,87,77,107,112,129,127,194,158,203,202,204,172,269,121,154,133,200,184,404,410,464,454,436,417,830,585,580,573,1080,1070,1023,933,924,915,1818,1778]} 1. d4 f5 2. c4 Nf6 3. Nf3 g6 4. Nc3 Bg7 5. g3 d6 6. Bg2 O-O 7. O-O c6 8. d5 e5 9. dxe6 Bxe6 10. Qd3 Qc7 {A88: Dutch Defence: Leningrad System: 5 Nf3 0-0 6 0-0 d6 7 Nc3 c6.} (10... Re8 $11 {keeps the balance.}) 11. Ng5 $16 {[#]} Re8 $146 ({Predecessor:} 11... Bf7 12. Bf4 Rd8 13. c5 Ne8 14. Rfd1 Bf8 15. Nxf7 Qxf7 16. cxd6 Bxd6 17. Bxd6 Rxd6 18. Qc2 Na6 19. a3 Rad8 20. b4 Nac7 21. h4 {½-½ (21) Dehning Busse,K (1667)-Mueller,R (1611) Leipzig 2004}) 12. Bf4 Bf8 {White is better.} 13. c5 {[%cal Rc5d6]} h6 (13... Qg7 $16) 14. Bxd6 Bxd6 15. cxd6 Qd7 {[#]} 16. Qd4 $1 Qd8 (16... hxg5 $142 17. Qxf6 {[%mdl 64] Double Attack} Bf7) 17. Nh3 (17. Nxe6 $18 {and the rest is easy.} Rxe6 18. e4) 17... Bf7 18. Rfe1 Re6 (18... Nbd7 $16 19. e4 fxe4) 19. Rad1 $18 Ne8 $2 (19... Nbd7 20. e4 Qb6) 20. d7 Nd6 21. Nf4 Rf6 22. e4 {Hoping for e5.} c5 (22... Nxd7 $142 23. e5 Nxe5 24. Rxe5 g5) 23. Qxc5 {White is clearly winning.} Nxd7 24. Qd4 {Strongly threatening e5.} Rc8 25. e5 {[%mdl 64] [#] Double Attack} Rc4 26. Qd2 ({Not} 26. exd6 Rxd4 27. Rxd4 g5 $14) 26... Nxe5 27. Rxe5 Qc7 28. Nfd5 {[%mdl 64] Double Attack.  Weighted Error Value: White=0.43/Black=0.71} 1-0

[Event "Galicia-ch 2021"]
[Site "Padron"]
[Date "2021.04.01"]
[Round "1.5"]
[White "Garcia Camina, Belarmino"]
[Black "Sanchez Aller, Fernando"]
[Result "0-1"]
[WhiteElo "1624"]
[BlackElo "2337"]
[Annotator "TA"]
[PlyCount "46"]
[EventDate "2021.04.02"]
[EventType "swiss"]
[EventCountry "ESP"]
[SourceTitle "playchess.com"]
[Source "ChessBase"]
[SourceQuality "1"]

{[%evp 17,46,12,21,-15,-18,-25,-22,-25,-18,-25,-21,-31,-20,-22,-9,-18,161,-14,244,249,256,0,46,47,45,-233,-243,-235,-236,-233,-232]} 1. e4 d5 2. exd5 Nf6 3. Nc3 Nxd5 4. Bc4 e6 5. Nf3 Be7 6. O-O O-O 7. d4 Nxc3 8. bxc3 c5 9. Re1 Nc6 10. Bf4 {B29: Sicilian: 2 Nf3 Nf6 (Nimzowitsch Variation).} Bf6 11. Be5 Nxe5 12. Nxe5 {The position is equal.} Qc7 {[#]} 13. Qe2 $146 ({Predecessor:} 13. Ng4 Be7 14. Bd3 Rd8 15. Re3 cxd4 16. cxd4 f5 17. Ne5 Rxd4 18. Qh5 Bf8 19. Nf3 {0-1 (37) Levicheva,E (2012)-Volegova,P (1780) Moscow 2020}) 13... cxd4 14. cxd4 b6 15. Rad1 Bb7 16. Bb3 Rfd8 $2 {[#]} (16... Rfe8 $11) 17. Qg4 $2 ({Only move:} 17. Nxf7 $1 $18 {[%mdl 512]} Re8 18. Ne5 (18. Bxe6 Rxe6 19. Nh6+ gxh6 $14)) 17... h6 $2 {[%mdl 8192] [#]} (17... Rd6 $11 {and Black has nothing to worry.}) 18. Nxf7 $1 $18 {[%mdl 512]} Kxf7 ({Don't go for} 18... Qxf7 $2 19. Bxe6 Bd5 20. Bxf7+ $18) 19. Rxe6 $2 (19. Qxe6+ $18 Kg6 20. c3) 19... Bd5 {Strongly threatening ...Qd7.} (19... Rd5 $5) 20. Qh5+ g6 21. Bxd5 $4 {[%mdl 8192]} (21. Qxd5 $14 {was the only good move.} Rxd5 22. Bxd5) 21... gxh5 $19 {Black is clearly better.} 22. Rc6+ Rxd5 23. Rxc7+ Kg6 {Weighted Error Value: White=0.66/Black=0.69} 0-1

[Event "Galicia-ch 2021"]
[Site "Padron"]
[Date "2021.04.01"]
[Round "1.6"]
[White "Medarde Santiago, Luis Marcos"]
[Black "Creo Abeijon, Diego"]
[Result "1-0"]
[WhiteElo "2325"]
[BlackElo "1592"]
[Annotator "TA"]
[PlyCount "71"]
[EventDate "2021.04.02"]
[EventType "swiss"]
[EventCountry "ESP"]
[SourceTitle "playchess.com"]
[Source "ChessBase"]
[SourceQuality "1"]

{[%evp 9,71,56,87,45,55,32,51,42,25,36,31,33,36,21,39,36,57,57,58,66,38,28,97,90,89,88,91,78,100,58,80,23,133,121,119,103,103,105,104,101,100,82,85,68,83,64,95,30,258,251,229,196,191,192,194,121,250,227,412,401,29972,11831,29978,29978]} 1. e4 d5 2. exd5 Nf6 3. Nf3 Nxd5 4. d4 Nc6 5. c4 Nf6 6. d5 {B01: Scandinavian Defence.} Nb8 7. Nc3 e6 8. Bg5 {White is slightly better.} Be7 9. dxe6 {Strongly threatening Qa4+.} Qxd1+ 10. Rxd1 {exf7+ is the strong threat.} Bxe6 11. Be2 $36 {[%mdl 2048] [#] White is more active.} O-O $146 ({Predecessor:} 11... Nc6 12. O-O a6 13. b3 O-O 14. Nd4 Nxd4 15. Rxd4 Bc5 16. Bxf6 gxf6 17. Rf4 f5 {0-1 (46) Lau,T (1566)-Kueck,A (1393) Norderney 2014}) 12. Nd4 Bd7 13. O-O c6 14. Rfe1 Na6 15. a3 Nc5 (15... h6 $11 16. Bh4 Rfe8) 16. b4 $16 Ne6 {[#]} 17. Nf5 $1 {[%cal Rf5e7]} Nxg5 18. Nxe7+ Kh8 19. h4 Ne6 20. Ne4 Rad8 (20... Nxe4 $11 21. Rxd7 Rab8) 21. Nxf6 gxf6 22. Nf5 Nf4 {[#]} 23. Nd6 {[%cal Rd6b7]} Nxe2+ 24. Rxe2 Be6 25. Red2 {aiming for Nxf7+!} Rd7 26. f4 f5 27. Kf2 h5 28. Re1 (28. c5 $16) 28... Kg7 $2 {[#]} (28... Kh7 $11) 29. Rxe6 $1 $18 {[%mdl 512]} fxe6 {[#]} 30. Nxf5+ $1 {[%mdl 512]} exf5 31. Rxd7+ {KR-KR} Rf7 32. Rd3 ({White should play} 32. Rd6 $18) 32... Rf6 (32... Re7 $16 33. c5 Kf7) 33. Rg3+ Rg6 $2 (33... Kh6 34. Rg5 Re6 35. Rxf5 Re4) 34. Rg5 Rxg5 (34... b6 $18 35. Rxf5 Rh6) 35. fxg5 b6 36. Kf3 {Weighted Error Value: White=0.15/Black=0.81} 1-0

[Event "Galicia-ch 2021"]
[Site "Padron"]
[Date "2021.04.01"]
[Round "2.1"]
[White "Gonzalez Perez, Arian"]
[Black "Perez Carballo, David"]
[Result "1-0"]
[WhiteElo "2481"]
[BlackElo "2032"]
[Annotator "TA"]
[PlyCount "71"]
[EventDate "2021.04.02"]
[EventType "swiss"]
[EventCountry "ESP"]
[SourceTitle "playchess.com"]
[Source "ChessBase"]
[SourceQuality "1"]

{[%evp 16,71,-11,-18,0,0,0,0,-6,-20,2,-7,-6,-10,14,-25,-10,-18,99,105,108,106,143,136,164,147,150,152,160,148,150,141,152,152,152,152,152,139,139,139,235,151,262,243,264,206,206,206,279,263,738,738,972,934,804,601,29986,6395]} 1. e4 c5 2. Nf3 e6 3. d3 Nc6 4. g3 d5 5. Qe2 Nf6 6. Bg2 Be7 7. O-O O-O 8. e5 Nd7 9. c4 a6 {C00: French: Unusual White 2nd moves.} 10. Nc3 Nd4 11. Nxd4 cxd4 {The position is equal.} 12. Nb1 Qc7 13. Re1 dxc4 14. dxc4 {[#]} Rb8 $146 ({Predecessor:} 14... Rd8 15. Nd2 Nc5 16. b4 Na4 17. a3 a5 18. b5 d3 19. Qh5 f5 20. Nf3 g6 {½-½ (85) Vasile,C (2129)-Pranjic,M (2089) ICCF email 2006}) 15. Bf4 b5 16. Nd2 Nc5 (16... Bb7 $11 {keeps the balance.}) 17. b4 $16 {Black is now going downhill.} Na4 18. c5 Nc3 19. Qg4 {Bh6! is the strong threat.} Rd8 20. Ne4 Nxe4 21. Bxe4 Bb7 22. Rad1 a5 23. a3 {[%cal Ba2a3,Ba3b4][%mdl 32]} axb4 24. axb4 $40 {[%mdl 128] White goes for the king.} Bxe4 25. Rxe4 d3 26. Qf3 Qc6 27. Rxd3 Rd5 (27... Rxd3 $16 {was worth a try.} 28. Qxd3 Ra8) 28. h4 Rbd8 {[#]} (28... Rxd3 $16 29. Qxd3 Ra8) 29. Re1 $1 $18 {[%mdl 512]} h6 (29... Kf8 30. Ra1) 30. Rxd5 Rxd5 31. Kg2 Qd7 32. Ra1 Rd3 $2 (32... Qb7 33. Be3 Kf8) 33. Ra8+ Bf8 {[#]} 34. c6 $1 Qd4 {[#]} 35. Rxf8+ $1 {[%mdl 512]} Kh7 (35... Kxf8 36. c7) 36. Be3 {Weighted Error Value: White=0.19/Black=0.52} 1-0

[Event "Galicia-ch 2021"]
[Site "Padron"]
[Date "2021.04.01"]
[Round "2.2"]
[White "Alvarez Dominguez, Breixo"]
[Black "Suarez Gomez, Julio"]
[Result "1-0"]
[WhiteElo "2025"]
[BlackElo "2461"]
[Annotator "TA"]
[PlyCount "127"]
[EventDate "2021.04.02"]
[EventType "swiss"]
[EventCountry "ESP"]
[SourceTitle "playchess.com"]
[Source "ChessBase"]
[SourceQuality "1"]

{[%evp 15,127,5,19,-14,-18,-23,-22,-85,-85,-85,-85,-85,-85,-88,-88,-82,-89,-81,-45,-45,-43,-43,-43,-43,-34,-35,-25,-26,-22,-53,-44,-74,-71,-68,-60,-65,-40,-93,-95,-84,-56,-86,-51,-58,-60,-49,-49,-144,-52,-83,0,-37,-28,-85,-51,-51,-51,-63,-45,-93,-65,-64,-64,-59,-58,-72,-64,-72,-72,-72,-72,-75,-72,-109,-122,-132,-119,-126,-74,-325,-323,-322,-220,-247,-42,-35,-26,-34,-34,-33,-35,-37,0,-4,0,-38,498,487,483,475,5235,2087,1787,1775,1686,1498,29982,29983,29976,2676,29983,29984,29990,29989]} 1. d4 d5 2. c4 e6 3. Nf3 Nf6 4. Nc3 a6 5. e3 dxc4 6. Bxc4 b5 7. Bb3 Bb7 8. O-O c5 9. Re1 {9.e4 is a critical line. D27: Queen's Gambit Accepted: Classical main line: 7 e4!? and 7 a4.} (9. e4 $5) 9... Nc6 10. d5 exd5 11. Nxd5 (11. e4 $11 {remains equal.} dxe4 12. Bg5 (12. Nxe4 Nxe4 13. Rxe4+ Be7 $17)) 11... c4 $17 12. Nxf6+ Qxf6 13. Bc2 {[#]} Bb4 $146 ({Predecessor:} 13... Bd6 14. e4 O-O 15. e5 Nxe5 16. Nxe5 Rfd8 17. Qh5 g6 18. Ng4 Qd4 19. Qh4 Kh8 20. Bg5 {1-0 (20) Batista,R (2203)-De Sousa,L (1721) Sao Paulo 2011}) 14. Re2 Rd8 15. Qf1 O-O 16. e4 Nd4 17. Nxd4 Qxd4 18. Rb1 Rfe8 {[%cal Rb7e4]} 19. Be3 Qf6 20. f3 a5 21. Qf2 a4 22. a3 Ba5 23. Bc5 Bc7 24. g3 Qe6 25. Kf1 Qh3+ 26. Qg2 (26. Kg1 $15) 26... Qh5 27. Bb4 Bb6 28. Rbe1 f6 29. Bb1 Rd7 30. g4 Qf7 31. f4 {[#]} (31. Qg3 $15) 31... Qg6 (31... Rd3 $1 $17 {[%mdl 512]} 32. Rd2 Rb3) 32. Qg3 Qf7 (32... Qh6 $17) 33. h4 Bc7 34. Qf2 (34. Rf2 $11) 34... Rdd8 35. Qf3 Bc6 36. Qf2 Bb8 (36... Qe6 $5 {[%cal Re6g4]} 37. Qg3 Qf7 $15) 37. Bc5 Qd7 38. Qf3 Qc7 39. Rf2 Rd7 40. Qe3 Rf7 41. Bb6 Qc8 42. f5 Rfe7 {...Bxe4 is the strong threat.} 43. Bc5 Rd7 44. Bb6 Be5 45. g5 Kh8 46. Rg2 Bb7 (46... b4 $142 {Hoping for ...Qa6.} 47. Kg1 Bb5) 47. Qf2 $2 {[%mdl 8192]} (47. Ba5 $17) 47... c3 $19 48. bxc3 Qxc3 49. Qe3 Qxe3 (49... b4 $19 {And now ...b3 would win.} 50. Qxc3 Bxc3) 50. Bxe3 $15 Rc8 51. Rd2 Rxd2 52. Bxd2 Bg3 53. Rd1 Rd8 {Strongly threatening ...b4.} 54. Ke2 Bxh4 55. g6 {aiming for Rh1.} (55. gxf6 {looks sharper.} Bxf6 56. Bd3 Bc6 57. Rc1 Be8 58. Ba5) 55... Bg3 $2 {[%mdl 8192]} (55... b4 $15 {keeps the upper hand.} 56. Bxb4 Ba6+ 57. Bd3 Rxd3 58. Rxd3 Bg5 59. gxh7 Bc1) 56. Rh1 $18 h6 57. Bxh6 Kg8 {[#]} ({Don't blunder} 57... gxh6 $2 58. Rxh6+ Kg8 59. Ba2+ Kf8 60. Rh7) (57... Bxe4 $142 58. Bxe4 gxh6 59. Rxh6+ Kg8) 58. Ba2+ (58. Bxg7 $142 $1 {[%mdl 512]} Bxe4 (58... Kxg7 59. Rh7+) 59. Rh7) 58... Kf8 {[#]} 59. Bxg7+ $1 {[%mdl 576] Double Attack} Ke7 60. Rh8 Rd4 61. Bf8+ Kd7 62. Be6+ (62. Rh7+ $142 Kc8 63. g7 Rxe4+ 64. Kf3 Be1 65. g8=Q Re7+ 66. Kg4 Re4+ 67. Kh3) 62... Kc7 63. Rh7+ Kd8 64. Rxb7 {Quite a comeback for White.  Weighted Error Value: White=0.23/Black=0.61} 1-0

[Event "Galicia-ch 2021"]
[Site "Padron"]
[Date "2021.04.01"]
[Round "2.3"]
[White "Larino Nieto, David"]
[Black "Carril Garcia, Luis"]
[Result "1-0"]
[WhiteElo "2461"]
[BlackElo "2016"]
[Annotator "TA"]
[PlyCount "45"]
[EventDate "2021.04.02"]
[EventType "swiss"]
[EventCountry "ESP"]
[SourceTitle "playchess.com"]
[Source "ChessBase"]
[SourceQuality "1"]

{[%evp 9,45,-14,13,-78,2,10,38,38,45,43,101,55,105,43,160,154,347,342,334,311,462,450,460,449,520,511,621,612,741,607,797,775,831,829,995,981,1037,1018]} 1. b3 d5 2. Bb2 Bf5 3. d3 e6 4. Nd2 Nf6 5. Ngf3 Be7 {[#]} 6. e4 $146 {A01: Nimzowitsch-Larsen Opening.} (6. g3 $11) ({Predecessor:} 6. g3 h6 7. Bg2 O-O 8. O-O Bh7 9. Re1 a5 10. a3 c5 11. e4 a4 12. exd5 Nxd5 13. bxa4 Nc6 14. Ne4 Rxa4 15. Ne5 Nxe5 16. Bxe5 c4 {0-1 (35) Korovin,M (2311)-Geller,J (2518) Moscow 2018}) 6... Bg6 (6... dxe4 $17 7. Bxf6 Bxf6 8. dxe4 Bg4) 7. Ne5 Nbd7 8. Nxg6 {White is slightly better.} hxg6 9. e5 Nh5 (9... Ng8 $14) 10. h4 Bxh4 11. Qf3 (11. Nf3 $16 Ng3 12. Rxh4 Rxh4 13. fxg3) 11... Ng3 {[#]} 12. Qxg3 $1 $16 {[%mdl 512] Black must now prevent Nf3.} Bxg3 $2 (12... Rh5 $16 13. Rxh4 Qxh4) 13. Rxh8+ $18 Nf8 14. Ba3 (14. fxg3 Qg5 $16) 14... Kd7 (14... Qg5 $142 15. Rxf8+ Kd7 16. Rxf7+ Ke8 17. Re7+ {[%mdl 64] Double Attack} Kf8) 15. fxg3 {White is clearly winning.} ({Weaker is} 15. Rxf8 Qxf8 16. Bxf8 Bxe5 $18) 15... Qg5 16. O-O-O Qxe5 17. Nf3 Qe3+ 18. Kb1 c5 19. d4 b6 20. Bb5+ Kc7 21. Bc1 Qe4 22. Bf4+ Kb7 23. Bd3 {Black did not feel at home in the position after the opening.  Weighted Error Value: White=0.26/Black=0.88} 1-0

[Event "Galicia-ch 2021"]
[Site "Padron"]
[Date "2021.04.01"]
[Round "2.4"]
[White "Pena Varela, Martin"]
[Black "Espineira Gonzalez, Diego"]
[Result "0-1"]
[WhiteElo "1970"]
[BlackElo "2338"]
[Annotator "TA"]
[PlyCount "70"]
[EventDate "2021.04.02"]
[EventType "swiss"]
[EventCountry "ESP"]
[SourceTitle "playchess.com"]
[Source "ChessBase"]
[SourceQuality "1"]

{[%evp 9,70,-2,4,-6,4,-11,-15,-16,6,6,3,0,0,-8,0,-273,-268,-431,-439,-451,-443,-448,-447,-440,-422,-445,-416,-497,-484,-501,-520,-483,-485,-488,-477,-565,-591,-697,-684,-648,-579,-555,-560,-823,-857,-794,-786,-785,-776,-817,-765,-1900,-1266,-1026,-864,-29983,-945,-29983,-29975,-29970,-29973,-29993,-6103]} 1. e4 c5 2. b4 cxb4 3. a3 bxa3 4. Bxa3 e6 5. Bxf8 Kxf8 6. d4 {B20: Sicilian: Unusual White 2nd moves.} Ne7 7. Nf3 d5 8. e5 {[#] The position is equal.} a6 $146 ({Predecessor:} 8... Qc7 9. Bd3 Nbc6 10. O-O Nb4 11. c3 Nxd3 12. Qxd3 Bd7 13. Rc1 b5 14. Na3 a6 {0-1 (36) Burnham,F (1788)-Millward,R (2097) London 2011}) 9. Bd3 Bd7 10. h4 Nbc6 11. c3 h5 12. g4 $2 {[%mdl 8192] Black converts the advantage convincingly.} (12. O-O $11 {and White stays safe.}) 12... hxg4 $19 13. Ng5 (13. Nfd2) 13... f6 14. exf6 gxf6 15. Nh7+ Kf7 16. Qxg4 Qg8 17. Nxf6 Kxf6 18. Qf4+ Nf5 19. Nd2 e5 20. dxe5+ Nxe5 21. Be2 Qe6 22. O-O-O Rac8 23. c4 Rhg8 {[#] Strongly threatening ...Rg4!} 24. Rhg1 b5 {[%cal Bb7b5,Bb5c4][%mdl 32]} 25. Rxg8 Qxg8 26. Kb1 {White hopes to continue with cxd5.} bxc4 {...Qf8 is the strong threat.} 27. Nf3 Nxf3 28. Bxf3 Rc5 29. Bg4 Qg6 30. Ka1 Ra5+ 31. Kb2 Rb5+ 32. Ka1 Kg7 (32... Kf7 $142 33. Qe5 Qxg4 {[%mdl 64] Double Attack} 34. Rc1 c3 35. f4 Ra5+ 36. Kb1 {[#]} Nd4 $1 {[%mdl 576] Deflection} 37. Qxd4 Qe2 38. Rxc3 Rb5+ 39. Kc1 Qb2+ 40. Kd1 Bg4+ 41. Rf3 Bxf3+ 42. Ke1 Qe2#) 33. Bxf5 Qxf5 {Black mates.} 34. Rg1+ Kf7 35. Qd2 d4 {Weighted Error Value: White=0.59/Black=0.04} (35... Qf3 $142 36. Qb2 Rxb2 37. Rg3 Qxf2 38. Rf3+ Qxf3 39. Kxb2 Bf5 40. Kc1 Qc3+ 41. Kd1 Bg4#) 0-1